Normal view
MARC view
Entry Topical Term
001 - CONTROL NUMBER
- control field: 41579
003 - CONTROL NUMBER IDENTIFIER
- control field: ARRUPE
005 - DATE AND TIME OF LATEST TRANSACTION
- control field: 20180420094726.0
008 - FIXED-LENGTH DATA ELEMENTS
- fixed length control field: 180420|| aca||aabn | a|a d
040 ## - CATALOGING SOURCE
- Original cataloging agency: ARRUPE
- Transcribing agency: ARRUPE
150 ## - HEADING--TOPICAL TERM
- Topical term or geographic name as entry element: Revolutions
- Geographic subdivision: Europe
- General subdivision: History
- Chronological subdivision: 18th century.
670 ## - SOURCE DATA FOUND
- Source citation: Work cat.: (ARRUPE)0: Sperber, Jonathan, 1952- 41577, Revolutionary Europe, 1780-1850 /, 2000.